000 00403pab a2200169 454500
008 180718b2014 xxu||||| |||| 00| 0 eng d
100 _aUrbano, Ryan C.
245 _aPublic administration ethics: James Svara's model
260 _c2014
300 _ap.7-17.
362 _aApr
650 _aEthics
650 _aPublic administration
773 _aHuman Values
908 _aN
909 _a103958
999 _c103954
_d103954